Представление документа в формате RUSMARC

ПолеНазваниеЗначение
  Тип записи a
  Библиографический уровень a
001 Контрольный номер RU/CBS_UL/BASE/dab0c9b1146c418faa5ab80241e149b2
005 Дата корректировки 20251228020504.5
100 Данные общей обработки __
a Данные общей обработки 20251228 ||| 0rusy0189 ca
101 Язык документа 0_
a Язык текста rus
102 Страна публикации __
a Страна публикации RU
200 Заглавие и сведения об ответственности 1_
a Заглавие Два капитана
e Сведения, относящиеся к заглавию [о российских гидрографах и исследователях Арктики А.И. Вилькицком и Б.А. Вилькицком]
f Первые сведения об ответственности А. Чилингаров
300 Общие примечания __
a Общие примечания 12+
461 Уровень набора _0
1 2000
a Честь Отечества
463 Уровень физической единицы _0
1 2000
a № 3-4
v С. 20-23 : фот.
1 2101
d 2024
1 001RU/CBS_UL/BASE/71482678d97d43af8138cf17c941dee2
600 Персоналии _1
a Персоналии (Фамилия) Вилькицкий
b Персоналии (Имя, инициалы) А.И.
600 Персоналии _1
a Персоналии (Фамилия) Вилькицкий
b Персоналии (Имя, инициалы) Б.А.
606 Тематические рубрики 0_
a Основная рубрика Вилькицкий, Андрей Ипполитович (1858–1913)
606 Тематические рубрики 0_
a Основная рубрика Вилькицкий, Борис Андреевич (1885–1961)
610 Ключевые слова 0_
a Ключевые слова русские гидрографы, гидрографы русские, геодезисты, исследователи морей Северного Ледовитого океана, генералы корпуса гидрографов, начальники Главного гидрографического управления, русские морские офицеры, капитаны первого ранга, исследователи Арктики, первооткрыватели Северной Земли
686 Индексы других классификаций __
2 Код системы rubbk
a Классификационный индекс 26.8г
700 Автор _1
a Фамилия Чилингаров
b Имя (инициалы) А.
801 Источник записи _0
a Страна RU
b Организация МБУК ЦБС г. Ульяновска
c Дата составления 20251228
g Правила каталогизации RCR
801 Источник записи _1
a Страна RU
b Организация МБУК ЦБС г. Ульяновска
c Дата составления 20251228
g Правила каталогизации RCR
901 Тип документа __
t Тип документа b
w Контрольный № источника RU/CBS_UL/BASE/71482678d97d43af8138cf17c941dee2
909 Создатель записи __
a Создатель записи lib1